000 00562nam a2200181 i 4500
001 33473
003 ES-MaACL
005 20230906154750.0
007 t|
008 030202s1917 gw ||||1| ger d
100 1 _aBier, August.
_928819
245 1 0 _aChirurgische operationslehre /
_cherausgegeben von August Bier, Heinrich Braun, Hermann Kümmell.
260 _aLeipzig :
_bJohann Ambrosius Barth,
_c1917.
300 _a5 v. :
_bil. ;
_c28 cm.
700 1 _aBraun, Heinrich.
_931414
700 1 _aKümmell, Hermann.
_969018
852 _aES-MaACL
_jC-18499-503
999 _c33473
_d33473